| 000 | 00344nam a2200133Ia 4500 | ||
|---|---|---|---|
| 005 | 20251222143121.0 | ||
| 008 | 251222s9999||||xx |||||||||||||| ||spa|| | ||
| 020 | _a9972-45-103-8 | ||
| 082 | _a869.57/R81 | ||
| 100 | _aRomán Loayza, Alfredo | ||
| 245 | 0 | _aEl Valle | |
| 264 | _bFondo de Desarrollo Editorial Universidad de Lima | ||
| 942 | _cLIB | ||
| 999 |
_c11544 _d11544 |
||